Giáo trình thí nghiệm Điện tử công suất
Đã lưu trong:
| 格式: | 圖書 |
|---|---|
| 語言: | Undetermined |
| 主題: | |
| 在線閱讀: | http://lrc.tdmu.edu.vn/opac/search/detail.asp?aID=2&ID=7876 |
| 標簽: |
添加標簽
沒有標簽, 成為第一個標記此記錄!
|
| Thư viện lưu trữ: | Trung tâm Học liệu Trường Đại học Thủ Dầu Một |
|---|
| LEADER | 00482nam a2200109Ia 4500 | ||
|---|---|---|---|
| 001 | TDMU_7876 | ||
| 008 | 210410s9999 xx 000 0 und d | ||
| 082 | |a 621.3 | ||
| 245 | 0 | |a Giáo trình thí nghiệm Điện tử công suất | |
| 650 | |a Điện tử học ; Điện tử công suất ; Thí nghiệm điện tử | ||
| 856 | |u http://lrc.tdmu.edu.vn/opac/search/detail.asp?aID=2&ID=7876 | ||
| 980 | |a Trung tâm Học liệu Trường Đại học Thủ Dầu Một | ||